Normal view MARC view

Entry Topical Term

Number of records used in: 2

001 - CONTROL NUMBER

  • control field: 16897

003 - CONTROL NUMBER IDENTIFIER

  • control field: OSt

005 - DATE AND TIME OF LATEST TRANSACTION

  • control field: 20250714022056.0

008 - FIXED-LENGTH DATA ELEMENTS

  • fixed length control field: 250714|| aca||aabn | a|a d

040 ## - CATALOGING SOURCE

  • Original cataloging agency: OSt
  • Transcribing agency: OSt

150 ## - HEADING--TOPICAL TERM

  • Topical term or geographic name entry element: Student teachers
  • Geographic subdivision: Philippines
  • Geographic subdivision: Cavite
  • General subdivision: Attitudes

670 ## - SOURCE DATA FOUND

  • Source citation: Work cat.: (OSt)4003: Barbon, Aiza Marie S., author. 15602, On-Campus Students' Teaching Objectives and Practices of Cavite State University, Rosario Campus, S.Y. 2003–2004 /, 2004